000 00466nam a2200145Ia 4500
008 201002s9999 xx 000 0 und d
020 _a978-971-980-876-3
100 _aManapat, Carlos L.
245 _cCarlos L. Manapat, Fernando R. Pedrosa
_aEconomics, taxation and agrarian reform/
250 _a2nd ed.
260 _aManila:
_bC&E Publishing
_c2018
300 _axii, 305 pages
_c25 cm.
650 _aEconomics -- Philippines
650 _aTaxation -- Philippines
999 _c364684
_d364684